00506nam a2200145 a 450000500170000000800410001702000180005804100080007608200160008424500690010026000280016930000460019765000610024365000560030420140527020002.0140526b2009 xxu||||| |||| 00| 0 spa d a9789280729467 aspa04a333.72bO8700aPerspectivas del medio ambiente en la Amazoníabgeo amazonía aLimabPNUMAbOTCAc2009 a321 p.bmapas, fot. (col), tablasc28 cm. 6aMedio ambientevprogramaszAmazonas (Región, Colombia) aPolítica ambientalzAmazonas (Región, Colombia)